000 00450nam a2200157Ia 4500
003 GCL
005 20240530110901.0
008 140319s9999 xx 000 0 ara d
040 _aGCL /
_cGCL
082 0 4 _a320.9/
_bم ف
100 0 _4محمد حيوان
245 1 0 _aفكرية تسقط الحكومة /
_cمحمد الحيوان
260 _aالقاهرة :
_bدار الضياء ،
_c1991
300 _a178 ص.؛
_c24 سم.
942 _2ddc
_cBK
999 _c66129
_d66129